000 00311nam a2200133Ia 4500
005 20251222141846.0
008 251222s9999||||xx |||||||||||||| ||spa||
020 _a84-8088-524-6
082 _a658.3/D31
100 _aDavenport, Thomas O.
245 0 _aCapital Humano:
264 _bGestión 2000
942 _cLIB
999 _c7580
_d7580